Zamestnanec a závislá práca - definičné a právne kontexty ich vzájomného vzťahu

Pracovné práve, jeho úloha. Esenciálne indikátory závislej činnosti. Zamestnanec vykonávajúci závislú prácu. Nová kategória zamestnancov - chudobný zamestnanec.

Gespeichert in:
Bibliographische Detailangaben
1. Verfasser: Žofčinová, Vladimíra
Format: Buchkapitel
Sprache:Slowakisch
Schlagworte:
Tags: Tag hinzufügen
Keine Tags, Fügen Sie das erste Tag hinzu!

MARC

LEADER 00000naa a2200000 4500
001 0190761
005 20240417075045.0
041 0 |a slo 
044 |a SK 
245 1 0 |a Zamestnanec a závislá práca - definičné a právne kontexty ich vzájomného vzťahu  |c Vladimíra Žofčinová 
520 |a Pracovné práve, jeho úloha. Esenciálne indikátory závislej činnosti. Zamestnanec vykonávajúci závislú prácu. Nová kategória zamestnancov - chudobný zamestnanec. 
610 2 0 |a zamestnanci 
610 2 0 |a vzťahy pracovnoprávne 
610 2 0 |a definície 
610 2 0 |a právo pracovné 
610 2 0 |a práca závislá 
100 1 |a Žofčinová, Vladimíra